1900 en Barcelona: modernismo, modern style, art nouveau, jugendstil
Salvato in:
| Autori principali: | , , |
|---|---|
| Natura: | Libro |
| Lingua: | spagnolo francese inglese tedesco |
| Pubblicazione: |
Barcelona
Polígrafa
1972
|
| Edizione: | 2a. ed |
| Soggetti: | |
| Tags: |
Aggiungi Tag
Nessun Tag, puoi essere il primo ad aggiungerne!!
|
MARC
| LEADER | 00000nam a2200000 a 4500 | ||
|---|---|---|---|
| 001 | UCO4564 | ||
| 003 | CL-VaPUC | ||
| 008 | 000804e19720000SP |||||||||||||||||spa|d | ||
| 041 | 0 | 7 | |a spa |2 CL-VaPUC |
| 041 | 0 | 7 | |a fre |2 CL-VaPUC |
| 041 | 0 | 7 | |a eng |2 CL-VaPUC |
| 041 | 0 | 7 | |a ger |2 CL-VaPUC |
| 082 | 0 | 4 | |a 709.46 |b PEL |2 21 |
| 100 | 0 | |a Pellicer, A. Cirici |e author |9 449125 | |
| 700 | 0 | |a Gomis, Joaquim |e author |9 449126 | |
| 700 | 0 | |a Vallès, J. Prats |e author |9 449127 | |
| 245 | 1 | 0 | |a 1900 en Barcelona: modernismo, modern style, art nouveau, jugendstil |
| 250 | |a 2a. ed | ||
| 300 | |a pag. irreg | ||
| 942 | |c BK | ||
| 945 | |d 20000804 00:00:00 |a crobeson | ||
| 260 | |a Barcelona |b Polígrafa |c 1972 | ||
| 650 | 0 | |a Arte español |9 341293 | |
| 650 | 0 | |a Art Nouveau |9 440715 | |
| 650 | 0 | |a Arquitectura |9 804558 | |
| 650 | 0 | |a Pintura |9 265046 | |
| 650 | 7 | |a MAMPOSTERIA |2 CL-VaPUC |9 262596 | |
| 583 | |a last modification |c 20000804 00:00:00 |k Rodrigo Vera | ||
| 999 | |c 290594 |d 290592 | ||
| 952 | |0 0 |1 0 |4 0 |6 709_460000000000000_PEL_1972 |7 0 |8 A |9 340110 |a BIBART |b BIBART |d 2019-11-20 |i 1214225 |o 709.46 PEL 1972 |p 1214225 |r 2025-03-13 |w 2019-11-20 |y BK |k ART | ||